Kfz-Kennzeichen Mecklenburg-Vorpommern - Statistiken

Allgemein
  • Dieses Quiz wurde 111 mal gespielt
    70 seit der letzten Aktualisierung
  • Das Durchschnittsergebnis liegt bei 33 aus 45
Antwortstatistiken
Kennzeichen Stadt % Korrekt
ANK Anklam
95%
HRO Hansestadt Rostock
95%
RÜG Rügen
95%
WIS Wismar
95%
MÜR Müritz
91%
BÜZ Bützow
86%
DBR Doberan
86%
Güstrow
86%
HST Hansestadt Stralsund
86%
HWI Hansestadt Wismar
86%
LRO Landkreis Rostock
86%
LWL Ludwigslust
86%
PCH Parchim
86%
WRN Waren
86%
NB Neubrandenburg
82%
ROS Rostock
82%
SN Schwerin
82%
TET Teterow
82%
DM Demmin
77%
GMN Grimmen
77%
HGW Hansestadt Greifswald
77%
MSE Mecklenburgische Seenplatte
77%
NZ Neustrelitz
77%
NWM Nordwestmecklenburg
77%
PW Pasewalk
77%
VG Vorpommern-Greifswald
77%
VR Vorpommern-Rügen
77%
GW Greifswald
73%
GVM Grevesmühlen
73%
HGN Hagenow
73%
LBZ Lübz
73%
NVP Nordvorpommern
73%
OVP Ostvorpommern
73%
UEM Ueckermünde
68%
WLG Wolgast
68%
MST Mecklenburg-Strelitz
64%
MC Malchin
59%
RDG Ribnitz-Damgarten
59%
GDB Gadebusch
55%
LUP Ludwigslust-Parchim
55%
SBG Strasburg
50%
AT Altentreptow
45%
STB Sternberg
45%
UER Uecker-Randow
36%
RM Röbel/Müritz
32%
Keine übereinstimmenden Quizze gefunden
Verteilung der Resultate
Anzahl Personen mit jedem Resultat
Perzentil nach korrekt beantworteten Fragen
Ihre Resultats-Entwicklung
Sie haben dieses Quiz seit der letzten Aktualisierung nicht gespielt